01091cam a22003254i 4500999001500000001000900015003000600024005001700030008004100047010001300088020001500101040003300116042000800149050002100157082001900178100003400197245006200231264005600293264001100349300002700360336002600387337002800413338002700441504006600468600002800534630005200562650001900614942001200633952012000645 c6395d639545137559OCoLC20190116190202.0000927s2001 miu b 001 0 eng  a00049468 a080284796X aDLCerdacDLCdKATdC#Pbeng apcc00aBT303b.L63 200100a226221bL795J1 aLoader, William R. G.,d1944-10aJesus and the fundamentalism of his day /cWilliam Loader 1aGrand Rapids, Mich. :bWilliam B. Eerdmans,c[2001] 4c©2001 avi, 156 pages ;c24 cm atextbtxt2rdacontent aunmediatedbn2rdamedia avolumebnc2rdacarrier aIncludes bibliographical references (pages 147-151) and index00aJesus ChristxConflicts00aBible.pGospelsxCriticism, interpretation, etc 0aDeconstruction 2ddccBK 00102ddc40708NFICaHMCbHMCcGENd2019-01-16g950.00l0o226 L795Jp006922r2019-01-16 00:00:00w2019-01-16yBK